Highways to a war / (Record no. 48881)
| 000 -LEADER | |
|---|---|
| fixed length control field | 00525nam a2200157 4500 |
| 020 ## - INTERNATIONAL STANDARD BOOK NUMBER | |
| International Standard Book Number | 9780140247572 |
| 100 ## - MAIN ENTRY--PERSONAL NAME | |
| Personal name | Koch, Christopher J. |
| 9 (RLIN) | 86267 |
| 245 ## - TITLE STATEMENT | |
| Title | Highways to a war / |
| Statement of responsibility, etc | Christopher J. Koch. |
| 260 ## - PUBLICATION, DISTRIBUTION, ETC. (IMPRINT) | |
| Place of publication, distribution, etc | New York: |
| Name of publisher, distributor, etc | Penguin Books; |
| Date of publication, distribution, etc | 1997. |
| 300 ## - PHYSICAL DESCRIPTION | |
| Extent | 469 p. |
| Dimensions | 20 cm. |
| 650 ## - SUBJECT ADDED ENTRY--TOPICAL TERM | |
| Topical term or geographic name as entry element | Vietnamese conflict, 1961-1975. |
| Form subdivision | Fiction. |
| 9 (RLIN) | 86268 |
| 650 ## - SUBJECT ADDED ENTRY--TOPICAL TERM | |
| Topical term or geographic name as entry element | War photographers. |
| Geographic subdivision | Australia. |
| 9 (RLIN) | 86269 |
| 650 ## - SUBJECT ADDED ENTRY--TOPICAL TERM | |
| Topical term or geographic name as entry element | War photographers. Missing persons. |
| Geographic subdivision | Cambodia. |
| 9 (RLIN) | 86270 |
| 655 ## - INDEX TERM--GENRE/FORM | |
| Genre/form data or focus term | Historical Fiction. |
| 942 ## - ADDED ENTRY ELEMENTS (KOHA) | |
| Source of classification or shelving scheme | |
| Koha item type | YA FIC BOOKS |
| Withdrawn status | Lost status | Source of classification or shelving scheme | Damaged status | Not for loan | Collection code | Home library | Current library | Date acquired | Full call number | Barcode | Date last seen | Price effective from | Koha item type |
|---|---|---|---|---|---|---|---|---|---|---|---|---|---|
| SECONDARY | Asian Hope Secondary Library | Asian Hope Secondary Library | 04/30/2025 | YA FIC KOC | 208338 | 01/16/2026 | 04/30/2025 | YA FIC BOOKS |